00450nam a22001097a 4500082001300000100002800013245017200041260004100213300002000254563000900274856005700283 a340bSAE aSaeed, Muhammad Zaighum aAI-Generated Inventions Patentability and The Transformation of International Patent Law:bChallenges, Opportunities, and Global Implications /cMuhammad Zaighum Saeed aIslamabad :bNUST Law School,c2025. a57 p. ;c30 CM. aHBK. uhttp://10.250.8.41:8080/xmlui/handle/123456789/56177